Demand for new space (Record no. 63030)

MARC details
000 -LEADER
fixed length control field 00769cam a2200205 4500
001 - CONTROL NUMBER
control field WB3613-12
008 - FIXED-LENGTH DATA ELEMENTS--GENERAL INFORMATION
fixed length control field 000000n2000 000 0 eng u
035 ## - SYSTEM CONTROL NUMBER
System control number (Sirsi) u105091
245 ## - TITLE STATEMENT
Title Demand for new space
260 ## - PUBLICATION, DISTRIBUTION, ETC.
Date of publication, distribution, etc. 2000
490 ## - SERIES STATEMENT
Series statement Negotiator
Volume/sequential designation 15(6) 24 March 2000, 7(1)
520 ## - SUMMARY, ETC.
Summary, etc. Research by DTZ Residential indicates that e-commerce is fuelling the demand for live-work space in central London. DTZ predicts that the proportion of new and converted live-work space is set to rise by 5 to 15% over the next five years as more people choose to work from home.
590 ## - LOCAL NOTE (RLIN)
Local note WB
650 ## - SUBJECT ADDED ENTRY--TOPICAL TERM
Topical term or geographic name entry element LIVE-WORK SCHEMES
650 ## - SUBJECT ADDED ENTRY--TOPICAL TERM
Topical term or geographic name entry element MIXED USE
650 ## - SUBJECT ADDED ENTRY--TOPICAL TERM
Topical term or geographic name entry element E-COMMERCE
650 ## - SUBJECT ADDED ENTRY--TOPICAL TERM
Topical term or geographic name entry element RESIDENTIAL CONVERSIONS
690 ## - LOCAL SUBJECT ADDED ENTRY--TOPICAL TERM (OCLC, RLIN)
Topical term or geographic name as entry element HOUSING-DEVELOPMENT
942 ## - ADDED ENTRY ELEMENTS (KOHA)
Suppress in OPAC 0
Holdings
Withdrawn status Lost status Source of classification or shelving scheme Damaged status Not for loan Home library Current library Shelving location Date acquired Total Checkouts Full call number Barcode Date last seen Copy number Price effective from Koha item type
    Dewey Decimal Classification     London London News article 29/03/2000   WB3613-12 105091-1001 06/08/2019 1 06/08/2019 News article